00939nam a22003017a 45000010005000000030006000050050017000110080041000280200018000690400029000870500017001160820010001331000021001432450042001642500036002062600040002423000059002824900035003415050008003765200069003845210030004535210021004836500020005046500018005246500020005427000037005627000038005999320FISKH20251210150305.0251210b cb ||||| |||| 00| 0 eng d a9780439912488 aFISKHbengcFISKHdFISKH aPZ7.B17945 M a813.6 aBalaban , Mariah aMahoney's Magic / cBy Mariah Balaban aFirst printing , September 2007 aNew York : bScholastic , c2007 .  a12 unnumbered pages : bcolor illustrations ; c21 cm. aMr. Magorium's Wonder Emporium aR  aAll about the fantastic world of Mr. Magorium's Wonder Emporium.8 a660 bLexile estimate 8 aR bRaz-Plus  aMagic vFiction aToysvFiction aMoviesvFiction aDeMonico , Rick eBook Designer  aBarber , Heather eBook Designer